[Event "Frome Open 2002"]
[Site "?"]
[Date "2002.05.10"]
[Round "1.1"]
[White "Sherwin, James"]
[Black "Chaplin, Peter E"]
[Result "1-0"]
[WhiteElo "2339"]
[BlackElo "1952"]
[PlyCount "57"]
[EventDate "2002.??.??"]

1. e4 c5 2. Nf3 e6 3. b3 d6 4. Bb2 Nf6 5. Qe2 Nc6 6. g3 Be7 7. Bg2 O-O 8. O-O
e5 9. h3 Re8 10. c3 Bf8 11. d3 b5 12. Nbd2 b4 13. cxb4 Nxb4 14. Nc4 Ba6 15. a3
Nc6 16. Qc2 Rb8 17. Bc3 Nd7 18. Rfb1 Be7 19. b4 Bxc4 20. dxc4 Nd4 21. Qd3 Nf8
22. Nd2 Nfe6 23. Nf1 Qd7 24. h4 Qa4 25. Ne3 Rec8 26. Bh3 Bf8 27. Bg4 g6 28. b5
h5 29. Bd1 1-0

[Event "Frome Open 2002"]
[Site "?"]
[Date "2002.05.10"]
[Round "1.2"]
[White "Pleasants, Alan"]
[Black "Rudd, Jack"]
[Result "1-0"]
[WhiteElo "1945"]
[BlackElo "2240"]
[PlyCount "45"]
[EventDate "2002.??.??"]

1. Nf3 Nf6 2. c4 g6 3. Nc3 Bg7 4. d4 O-O 5. Bf4 d5 6. e3 c5 7. h3 Nc6 8. Rc1
Be6 9. cxd5 Nxd5 10. Nxd5 Bxd5 11. Rxc5 Bxa2 12. Qa4 Bd5 13. Be2 Rc8 14. O-O e6
15. Rfc1 Qd7 16. Nd2 b6 17. R5c3 Qe8 18. Bb5 Nxd4 19. Rxc8 Qxb5 20. Rxf8+ Bxf8
(20... Kxf8 21. Bd6+ Ke8 22. Rc8+ Kd7 23. Qxa7+ Kxd6 24. Qc7#) 21. Qxd4 Bc5 22.
Bh6 Bf8 23. Qg7+ 1-0

[Event "Frome Open 2002"]
[Site "?"]
[Date "2002.05.10"]
[Round "1.3"]
[White "Clark, Ian"]
[Black "Parsons, Dave"]
[Result "1/2-1/2"]
[WhiteElo "2224"]
[BlackElo "1933"]
[PlyCount "39"]
[EventDate "2002.??.??"]

1. e4 d5 2. exd5 Nf6 3. d4 Nxd5 4. Nc3 Nc6 5. Nf3 Bg4 6. Be2 e6 7. O-O Be7 8.
Ne4 O-O 9. c3 h6 10. Ng3 Bd6 11. Ne5 Bxe5 12. dxe5 Bxe2 13. Qxe2 Qh4 14. f4 f5
15. Be3 Nxe3 16. Qxe3 Rad8 17. Ne2 Rd5 18. Rad1 Rfd8 19. Rxd5 Rxd5 20. Nc1
1/2-1/2

[Event "Frome Open 2002"]
[Site "?"]
[Date "2002.05.10"]
[Round "1.4"]
[White "Saqui, David"]
[Black "Beaumont, Chris"]
[Result "0-1"]
[WhiteElo "1928"]
[BlackElo "2216"]
[PlyCount "66"]
[EventDate "2002.??.??"]

1. d4 g6 2. e3 Bg7 3. Be2 Nf6 4. Nd2 O-O 5. h4 c5 6. h5 d5 7. c3 Qc7 8. f4 cxd4
9. cxd4 Bf5 10. Bf3 Nc6 11. g4 Bd3 12. a3 Rac8 13. g5 Ne4 14. Nxe4 dxe4 15. Bg4
e6 16. Bd2 Qb6 17. b4 Nxd4 18. exd4 Qxd4 19. Ra2 e3 20. Ne2 Bxe2 21. Bxe2 exd2+
22. Qxd2 Qe4 23. O-O Bd4+ 24. Kh2 Be3 25. Bd3 Qd4 26. Qe2 Bxf4+ 27. Kh1 Bxg5
28. hxg6 hxg6 29. Qf3 Rc3 30. Rd1 Kg7 31. Kg2 Rh8 32. Rf2 Qd5 33. Kg3 Rxd3 {
White attempted a counter-attack here with Qxf7, but on being told it was an
excellent move (although illegal),he resigned} 0-1

[Event "Frome Open 2002"]
[Site "?"]
[Date "2002.05.10"]
[Round "1.5"]
[White "Franklin, Michael"]
[Black "Wilkinson, Graham"]
[Result "1/2-1/2"]
[WhiteElo "2160"]
[BlackElo "1904"]
[PlyCount "64"]
[EventDate "2002.??.??"]

1. d4 c5 2. e3 g6 3. Nf3 Bg7 4. Be2 Nf6 5. O-O O-O 6. Nbd2 d6 7. Re1 Nbd7 8. c3
b6 9. Bf1 Bb7 10. e4 cxd4 11. Nxd4 a6 12. a4 Qc7 13. f3 e5 14. Ne2 d5 15. Ng3
Rfd8 16. exd5 Nxd5 17. Qe2 f5 18. Qc4 b5 19. Qxc7 Nxc7 20. Nb3 Bd5 21. Na5 Nb6
22. b3 e4 23. Be3 Rab8 24. axb5 axb5 25. fxe4 Bxc3 26. exd5 Nbxd5 27. Bg5 Rd6
28. Nc4 bxc4 29. bxc4 Bd4+ 30. Kh1 Bxa1 31. Rxa1 Nc3 32. Bf4 Rc6 1/2-1/2

[Event "Frome Open 2002"]
[Site "?"]
[Date "2002.05.10"]
[Round "1.7"]
[White "Frost, Nick"]
[Black "Footner, Andrew"]
[Result "1/2-1/2"]
[WhiteElo "2136"]
[BlackElo "1896"]
[PlyCount "90"]
[EventDate "2002.??.??"]

1. e4 d5 2. exd5 Nf6 3. c4 c6 4. d4 cxd5 5. Nc3 g6 6. Bg5 Bg7 7. Bxf6 Bxf6 8.
Nxd5 Bg7 9. Nf3 Nc6 10. Be2 e6 11. Nc3 Nxd4 12. Nxd4 Qxd4 13. Qb3 O-O 14. O-O
b6 15. Rad1 Qh4 16. Bf3 Rb8 17. Rfe1 Ba6 18. Qa3 Bb7 19. Bxb7 Rxb7 20. Nb5 Rd8
21. g3 Qf6 22. Rxd8+ Qxd8 23. Nxa7 Qd2 24. Rf1 Qxb2 {(=)} 25. Qa6 Rc7 26. Nc6
Bf8 27. Qb5 Qxb5 28. cxb5 Rd7 29. a4 Bc5 30. Rb1 Rd2 31. a5 Rxf2 32. Kh1 Ra2
33. a6 g5 34. a7 g4 35. Rc1 Be3 36. Rd1 Kg7 37. h3 h5 38. hxg4 hxg4 39. Rd8
Ra1+ 40. Kg2 Rg1+ 41. Kh2 Rf1 42. Rg8+ Kxg8 43. a8=Q+ Kg7 44. Qa3 Rf2+ 45. Kg1
Rf3+ 1/2-1/2

[Event "Frome Open 2002"]
[Site "?"]
[Date "2002.05.11"]
[Round "2.1"]
[White "Barton, Alan R"]
[Black "Sherwin, James"]
[Result "0-1"]
[WhiteElo "2056"]
[BlackElo "2339"]
[PlyCount "74"]
[EventDate "2002.??.??"]

1. Nf3 d5 2. d4 Nf6 3. Bf4 c5 4. e3 Nc6 5. c3 e6 6. Nbd2 Bd6 7. Bg3 O-O 8. Bd3
b6 9. Ne5 Bxe5 10. Bxe5 Nxe5 11. dxe5 Nd7 12. f4 a5 13. Qh5 g6 14. Qh6 Ba6 15.
Nf3 Qe7 16. Bxa6 Rxa6 17. h4 Rb8 18. h5 Nf8 19. c4 dxc4 20. Ng5 Qb7 21. O-O-O
b5 22. Rd6 Rxd6 23. exd6 c3 24. hxg6 fxg6 25. e4 cxb2+ 26. Kb1 c4 27. Rd1 Rd8
28. Qh3 Qc6 29. e5 c3 30. Kc2 b4 31. Rh1 Qa4+ 32. Kb1 b3 33. axb3 Qxb3 34. Qd3
Rc8 35. Qc2 Qa3 36. Qe4 c2+ 37. Qxc2 Qa1# 0-1

[Event "Frome Open 2002"]
[Site "?"]
[Date "2002.05.11"]
[Round "2.3"]
[White "Rice, Chris B"]
[Black "Menadue, Jeremy"]
[Result "0-1"]
[WhiteElo "2016"]
[BlackElo "2064"]
[PlyCount "120"]
[EventDate "2002.??.??"]

1. c4 c6 2. g3 Nf6 3. Bg2 d5 4. Nf3 Bf5 5. cxd5 cxd5 6. Qb3 Qb6 7. Qxb6 axb6 8.
d3 Na6 9. Nc3 e6 10. Bf4 Be7 11. O-O Nc5 12. Rfc1 O-O 13. Nb5 Rfc8 14. h3 h6
15. g4 Bh7 16. b4 Ncd7 17. a3 Ne8 18. d4 Rc6 19. Bf1 g5 20. Bg3 Rac8 21. Rxc6
Rxc6 22. Ne1 Nd6 23. Nxd6 Bxd6 24. Bxd6 Rxd6 25. Rc1 Rc6 26. Rxc6 bxc6 27. a4
Kf8 28. e3 Nb8 29. f3 Ke7 30. Bd3 Bxd3 31. Nxd3 Na6 32. e4 f6 33. Kf2 Kd6 34.
Ke3 e5 35. dxe5+ fxe5 36. Kd2 c5 37. bxc5+ Nxc5 38. Nxc5 Kxc5 39. exd5 Kxd5 40.
Kd3 Kd6 41. Kc4 Kc6 42. Kb4 Kc7 43. Kb3 Kd6 44. Kc3 Kc5 45. Kb3 Kd4 46. Kb4 Ke3
47. Kb5 Kxf3 48. Kxb6 e4 49. a5 e3 50. a6 e2 51. a7 e1=Q 52. a8=Q+ Kg3 53. Qc6
Kxh3 54. Qxh6+ Kxg4 55. Qd6 Qe3+ 56. Kb7 Kf3 57. Qf8+ Kg2 58. Qc8 Qe4+ 59. Ka7
g4 60. Qc3 Qf3 {Black won on time after a few more moves} 0-1

[Event "Frome Open 2002"]
[Site "?"]
[Date "2002.05.11"]
[Round "2.4"]
[White "Crisp, Steve"]
[Black "Morris, Gareth"]
[Result "0-1"]
[WhiteElo "1920"]
[BlackElo "2000"]
[PlyCount "58"]
[EventDate "2002.??.??"]

1. d4 Nf6 2. Nc3 d5 3. e4 Nxe4 4. Nxe4 dxe4 5. Bc4 Nc6 6. c3 e5 7. d5 Ne7 8.
Qb3 Nf5 9. Ne2 Nd6 10. O-O Be7 11. f4 exf3 12. Rxf3 O-O 13. Bd2 b5 14. Bxb5 Rb8
15. a4 a6 16. c4 Ne4 17. Qc2 Nxd2 18. Qxd2 axb5 19. axb5 Bc5+ 20. Kh1 Bg4 21.
Rff1 Ra8 22. Nc3 f5 23. Rab1 Qd6 24. b3 e4 25. h3 Qg3 26. Qf4 Qxc3 27. hxg4 Bd6
28. Rfc1 Qd3 29. Qf1 Qg3 0-1

[Event "Frome Open 2002"]
[Site "Frome"]
[Date "2002.05.11"]
[Round "2.5"]
[White "Wilkinson, Graham"]
[Black "Clark, Ian"]
[Result "1/2-1/2"]
[WhiteElo "1904"]
[BlackElo "2225"]
[PlyCount "53"]
[EventDate "2002.??.??"]

1. c4 e5 2. g3 Nf6 3. Bg2 Nc6 4. Nc3 Bb4 5. Nd5 O-O 6. e3 Re8 7. Ne2 Bf8 8. O-O
d6 9. d3 Bg4 10. h3 Be6 11. a3 Qd7 12. Kh2 Ne7 13. Nxe7+ Bxe7 14. Nc3 c6 15. b3
d5 16. Bb2 Rad8 17. Ne2 Qc7 18. Qc2 dxc4 19. dxc4 Nd7 20. Rfd1 f5 21. Rd2 g5
22. Rad1 Rf8 23. f4 Rfe8 24. Kh1 Bf6 25. Rd6 exf4 26. exf4 Bxb2 27. Qxb2
1/2-1/2

[Event "Frome Open 2002"]
[Site "Frome"]
[Date "2002.05.11"]
[Round "2.8"]
[White "Turner, J."]
[Black "Frost, Nick"]
[Result "0-1"]
[WhiteElo "1880"]
[BlackElo "2136"]
[PlyCount "70"]
[EventDate "2002.??.??"]

1. e4 e6 2. d4 d5 3. Nd2 Nf6 4. e5 Nfd7 5. Bd3 c5 6. c3 Nc6 7. Ne2 cxd4 8. cxd4
f6 9. exf6 Nxf6 10. O-O Bd6 11. f4 O-O 12. Nf3 Bd7 13. h3 Nb4 14. Bb1 Bb5 15.
a3 Nc6 16. Ng5 Qd7 17. f5 e5 18. Ne6 Rfe8 19. dxe5 Bxe5 20. Rf2 Bc4 21. N2f4 d4
22. Nh5 Nxh5 23. Qxh5 d3 24. Bf4 Bd4 25. Nxd4 Qxd4 26. Bxd3 Bxd3 27. Rd1 Be2
28. Rxd4 Bxh5 29. Rd7 Re7 30. Rfd2 Be8 31. R7d6 Na5 32. R2d4 Nb3 33. Rd3 Nc5
34. R3d4 Ne4 35. g4 Nxd6 0-1

[Event "Frome Open 2002"]
[Site "Frome"]
[Date "2002.05.11"]
[Round "2.9"]
[White "Martyn, Rafe"]
[Black "White, Ian"]
[Result "1-0"]
[WhiteElo "2174"]
[BlackElo "1792"]
[PlyCount "91"]
[EventDate "2002.??.??"]

1. d4 Nf6 2. c4 g6 3. Nc3 d5 4. Bf4 Bg7 5. e3 O-O 6. cxd5 Nxd5 7. Nxd5 Qxd5 8.
Bxc7 Na6 9. Bxa6 Qxg2 10. Qf3 Qxf3 11. Nxf3 bxa6 12. Rc1 Be6 13. a3 Rfc8 14.
Ke2 Bg4 15. Rc3 Kf8 16. Rg1 Bh5 17. Rg3 Ke8 18. Kd2 Kd7 19. Ba5 Bxf3 20. Rxf3
Ke8 21. Bc7 f5 22. Rg3 Kd7 23. Bf4 Rxc3 24. bxc3 Rc8 25. Rg1 Rc6 26. Kc2 Bf6
27. Rb1 Rb6 28. c4 Rxb1 29. Kxb1 Bh4 30. Bg3 Bf6 31. Kc2 e6 32. f3 Kc6 33. Kd3
Be7 34. a4 h5 35. c5 g5 36. h3 Kd5 37. e4+ fxe4+ 38. fxe4+ Kc6 39. Kc4 g4 40.
d5+ exd5+ 41. exd5+ Kd7 42. hxg4 hxg4 43. c6+ Kc8 44. d6 Bg5 45. Kd5 Bd2 46.
d7+ 1-0

[Event "Frome Open 2002"]
[Site "?"]
[Date "2002.05.11"]
[Round "2.16"]
[White "Rudd, Jack"]
[Black "Look, Matthew"]
[Result "1-0"]
[WhiteElo "2240"]
[BlackElo "1784"]
[PlyCount "33"]
[EventDate "2002.??.??"]

1. e4 e5 2. d4 exd4 3. c3 dxc3 4. Bc4 Nc6 5. Nf3 Bc5 6. O-O Qf6 7. Nxc3 Nge7 8.
Bg5 Qg6 9. Nd5 Bb6 10. Qb3 d6 11. Nf4 Qxe4 12. Bxf7+ Kf8 13. Rae1 Qf5 14. Be6
Qa5 15. Bxc8 Rxc8 16. Ne6+ Kf7 17. Nd8+ 1-0

[Event "Frome Open 2002"]
[Site "?"]
[Date "2002.05.11"]
[Round "2.18"]
[White "Chapman, Phil"]
[Black "Saqui, David"]
[Result "1/2-1/2"]
[WhiteElo "1616"]
[BlackElo "1928"]
[PlyCount "175"]
[EventDate "2002.??.??"]

1. d4 f5 2. c4 g6 3. Nc3 Nf6 4. Nf3 Bg7 5. g3 O-O 6. Bg2 d6 7. O-O Nc6 8. e3 e5
9. d5 Ne7 10. e4 f4 11. Bd2 Bg4 12. h3 Bd7 13. g4 h6 14. Nh2 g5 15. f3 Ng6 16.
Be1 h5 17. b4 Kf7 18. a4 Rh8 19. Ra2 a6 20. Qe2 hxg4 21. fxg4 Nh4 22. Bxh4 gxh4
23. Nd1 Bh6 24. Nf3 Nh7 25. Nh2 Bg5 26. Re1 a5 27. b5 Be7 28. Rc2 b6 29. Rc3
Qg8 30. Nf2 Nf6 31. Kh1 Qg6 32. Bf3 Rag8 33. Rd1 Ke8 34. Rcc1 Kd8 35. Rg1 Rg7
36. Rcf1 Rhg8 37. Qd1 Kc8 38. Re1 Qh7 39. Ref1 Be8 40. Re1 Qh6 41. Ref1 Qh7 42.
Qe1 Kb7 43. Qd1 Bg6 44. Re1 Nd7 45. Nd3 Bd8 46. Qd2 Be8 47. Qd1 Rg5 48. Qe2 Bg6
49. Rgf1 Nf6 50. Nf2 Qg7 51. Qd1 Ka7 52. Qd2 Be8 53. Qd1 Bd7 54. Rg1 Rg6 55.
Qb1 Nh7 56. Qd1 Ng5 57. Qe2 Be8 58. Qf1 Rf6 59. Rc1 Rh6 60. Rc3 Nh7 61. Rc1 Nf6
62. Re1 Nd7 63. Nd3 Bg6 64. Qe2 Bh7 65. Qd1 Rg6 66. Ref1 Rg5 67. Re1 Qg6 68.
Qb1 Kb7 69. Qd1 Nf6 70. Nf2 Qg7 71. Qb1 Bg6 72. Rgf1 Be8 73. Qd1 Bd7 74. Qb1
Be7 75. Qd1 Qf8 76. Rg1 Qc8 77. Qd3 Bf8 78. Qd1 Bh6 79. Qd3 Nh5 80. Rg2 Ng3+
81. Kg1 Qe8 82. Nf1 {(=) White claimed draw under 2 minute rule} Qg6 83. Nh2
Be8 84. Qb1 Qh7 85. Nf1 Bg6 86. Nh2 Qg7 87. Nf1 Bh5 88. Nh2 1/2-1/2

[Event "Frome Open 2002"]
[Site "?"]
[Date "2002.05.11"]
[Round "3.1"]
[White "Sherwin, James"]
[Black "Menadue, Jeremy"]
[Result "1-0"]
[WhiteElo "2339"]
[BlackElo "2064"]
[PlyCount "95"]
[EventDate "2002.??.??"]

1. d4 d5 2. c4 c6 3. Nf3 Nf6 4. e3 e6 5. Bd3 dxc4 6. Bxc4 b5 7. Bd3 a6 8. a4
Bb7 9. O-O Nbd7 10. Qe2 Be7 11. axb5 cxb5 12. e4 Qb8 13. Nbd2 Nh5 14. g3 Nhf6
15. Nb3 Bb4 16. Bf4 Qd8 17. Rac1 O-O 18. Nc5 Bxc5 19. dxc5 Rc8 20. Bd6 Re8 21.
e5 Nd5 22. h4 f5 23. exf6 N5xf6 24. Rfd1 Bd5 25. Ne5 Nxe5 26. Bxe5 Qe7 27. Re1
Qf7 28. b4 Nd7 29. Bd6 Nf6 30. Ra1 Qh5 31. Ra3 Kh8 32. Bb1 Rcd8 33. Re3 Bc4 34.
Qc2 Qf7 35. Re5 g6 36. Rg5 Bd5 37. Qb2 Kg8 38. Be5 Nd7 39. Qc3 Rf8 40. f4 Rc8
41. h5 Nxe5 42. Rexe5 Qf6 43. hxg6 h6 44. g7 Rf7 45. Rg6 Qe7 46. Rh5 Rxg7 47.
Rhxh6 a5 48. Rxg7+ 1-0

[Event "Frome Open 2002"]
[Site "?"]
[Date "2002.05.11"]
[Round "3.2"]
[White "Morris, Gareth"]
[Black "Beaumont, Chris"]
[Result "0-1"]
[WhiteElo "2000"]
[BlackElo "2216"]
[PlyCount "90"]
[EventDate "2002.??.??"]

1. d4 Nf6 2. c4 g6 3. Nc3 Bg7 4. e4 d6 5. Nf3 O-O 6. Be2 e5 7. O-O exd4 8. Nxd4
Re8 9. f3 c6 10. Nc2 Na6 11. Kh1 Nc7 12. Bg5 h6 13. Bh4 d5 14. cxd5 cxd5 15.
Bd3 g5 16. Bg3 Be6 17. Nb5 Nxb5 18. Bxb5 Re7 19. exd5 Nxd5 20. Rb1 Qb6 21. a4
a6 22. Bf2 Qc7 23. Bd3 Rd8 24. g3 Nb6 25. Ne1 Nc4 26. Qc1 Rc8 27. b3 Ne5 28.
Qxc7 Rexc7 29. Be2 Rd7 30. f4 Rd2 31. Bd1 Bh3 32. Be3 Rxd1 33. Rxd1 Bxf1 34.
fxe5 Bxe5 35. Kg1 Bh3 36. Rd5 Bf6 37. Rd6 Kg7 38. Rb6 Rc7 39. Kf2 Bc8 40. h4
gxh4 41. Bxh6+ Kxh6 42. Rxf6+ Kg7 43. Rf4 hxg3+ 44. Kg2 Rc3 45. Rb4 Be6 0-1

[Event "Frome Open 2002"]
[Site "?"]
[Date "2002.05.11"]
[Round "3.3"]
[White "Frost, Nick"]
[Black "Littlejohns, David"]
[Result "0-1"]
[WhiteElo "2136"]
[BlackElo "1768"]
[PlyCount "108"]
[EventDate "2002.??.??"]

1. e4 c6 2. d4 d5 3. e5 c5 4. c3 e6 5. Nf3 Nc6 6. Be2 h5 7. a3 g6 8. b4 cxd4 9.
cxd4 Bd7 10. Bb2 Nh6 11. Nc3 Nf5 12. Na4 b6 13. Ba6 Bc8 14. Bb5 Bb7 15. Rc1 Rc8
16. Qd3 Bh6 17. Rc2 O-O 18. h3 Nh4 19. Nxh4 Qxh4 20. Re2 a6 21. g3 Qe7 22. Bxc6
Rxc6 23. O-O Rfc8 24. f4 Qc7 25. Rff2 Re8 26. Nc3 Rc4 27. Nd1 Qe7 28. g4 Kh8
29. Qf3 h4 30. g5 Bg7 31. Ne3 Rcc8 32. Qg4 Bc6 33. Qxh4+ Kg8 34. Ng4 Bb5 35.
Nf6+ Bxf6 36. gxf6 Qf8 37. Rd2 Rc7 38. Rg2 Rec8 39. f5 exf5 40. e6 Rc1+ 41.
Bxc1 Rxc1+ 42. Kf2 Rf1+ 43. Ke3 f4+ 44. Qxf4 Rxf4 45. Kxf4 Qh6+ 46. Rg5 Qh4+
47. Rg4 Qxf6+ 48. Kg3 Qxe6 49. Rf2 Qe3+ 50. Kg2 Bd7 51. Rg3 Qxd4 52. Re2 Bf5
53. Rge3 Be4+ 54. Kf2 f5 0-1

[Event "Frome Open 2002"]
[Site "Frome"]
[Date "2002.05.11"]
[Round "3.4"]
[White "Bareham, David"]
[Black "Martyn, Rafe"]
[Result "0-1"]
[WhiteElo "1736"]
[BlackElo "2174"]
[PlyCount "149"]
[EventDate "2002.??.??"]

1. e4 d5 2. exd5 Qxd5 3. Nc3 Qa5 4. d4 Nf6 5. Bc4 c6 6. Nf3 Bf5 7. O-O e6 8.
Re1 Nbd7 9. Bd2 Qc7 10. Ne5 Bd6 11. Qe2 O-O 12. Bb3 b5 13. h3 Rac8 14. g4 Bg6
15. h4 b4 16. Nd1 Rcd8 17. h5 Be4 18. Nxd7 Rxd7 19. Bg5 Bd5 20. Bxf6 gxf6 21.
Bxd5 cxd5 22. Qf3 Bf4 23. Qd3 Rc8 24. Re2 Kh8 25. Ne3 Rg8 26. f3 Rdd8 27. Kh1
Rb8 28. Rg1 Qd8 29. Ng2 Qc7 30. Nxf4 Qxf4 31. Qe3 Qxe3 32. Rxe3 Rgc8 33. Rg2
Rc4 34. Rd2 a5 35. Kg1 Rbc8 36. Ree2 a4 37. Kf2 Kg7 38. Kg3 Rb8 39. Re3 Rbc8
40. Ree2 Kf8 41. b3 axb3 42. axb3 Rc3 43. Kf4 h6 44. Rf2 Ke7 45. Rfe2 Kd6 46.
Rf2 Ra8 47. Rfe2 Rg8 48. Rf2 Rg5 49. Kg3 f5 50. Kh4 Ke7 51. gxf5 Rxf5 52. f4 {
(=)} Re3 53. Kg4 Re1 54. Rde2 Rg1+ 55. Rg2 Rf1 56. Rgf2 Rd1 57. Rd2 Ra1 58.
Rfe2 Ra8 59. Rh2 Rg8+ 60. Kf3 Rgg5 61. Rh4 Rxh5 62. Rdh2 Rxh4 63. Rxh4 Rf6 64.
Rh1 Rg6 65. Ra1 Rg8 66. Ra7+ Kf6 67. Rb7 Rc8 68. Rxb4 Rxc2 69. Rb8 h5 70. Rh8
Rc3+ 71. Kg2 Kg6 72. b4 Rc4 73. b5 Rxd4 74. b6 Rb4 75. Rb8 {and Black won the
ending} 0-1

[Event "Frome Open 2002"]
[Site "?"]
[Date "2002.05.11"]
[Round "3.5"]
[White "Player, Edmund"]
[Black "Bass, John"]
[Result "1/2-1/2"]
[WhiteElo "2056"]
[BlackElo "1920"]
[PlyCount "59"]
[EventDate "2002.??.??"]

1. e4 e6 2. d4 d5 3. Nd2 Nf6 4. e5 Nfd7 5. Bd3 c5 6. c3 Nc6 7. Ne2 cxd4 8. cxd4
Nb6 9. O-O Bd7 10. Nf3 a5 11. Nc3 a4 12. Bg5 Be7 13. Bxe7 Qxe7 14. Qd2 O-O 15.
Ne2 Nb4 16. Nf4 Nxd3 17. Nxd3 Bb5 18. Rad1 Bxd3 19. Qxd3 Nc4 20. Qe2 Qb4 21.
Rb1 Rfc8 22. Ne1 Nb6 23. Qg4 Qe7 24. Nd3 Nd7 25. Rbc1 b5 26. a3 Rc4 27. Rxc4
bxc4 28. Nb4 Nb8 29. Qe2 Qb7 30. Qc2 1/2-1/2

[Event "Frome Open 2002"]
[Site "Frome"]
[Date "2002.05.11"]
[Round "3.6"]
[White "Appleby, Stephen"]
[Black "Rudd, Jack"]
[Result "0-1"]
[WhiteElo "1992"]
[BlackElo "2240"]
[PlyCount "96"]
[EventDate "2002.??.??"]

1. Nf3 Nf6 2. d4 c5 3. e3 d5 4. c4 e6 5. Nc3 Nc6 6. cxd5 exd5 7. Be2 Bf5 8. O-O
a6 9. b3 b5 10. Ne5 Qc7 11. Bf3 Nxe5 12. dxe5 Qxe5 13. Bb2 Rd8 14. Qe2 Qe6 15.
Rad1 Be7 16. Rd2 Ne4 17. Bxe4 dxe4 18. Rxd8+ Bxd8 19. Nxb5 axb5 20. Qxb5+ Qd7
21. Qxc5 f6 22. Rc1 Kf7 23. b4 Be7 24. Qc4+ Kg6 25. b5 Qd2 26. Qc2 Qb4 27. Bc3
Qxb5 28. a4 Qc4 29. Bd4 Qxc2 30. Rxc2 Ra8 31. Ra2 Bb4 32. Bb6 Ba5 33. Bd4 Rc8
34. h3 Rc4 35. g4 Bd7 36. Kg2 Rxa4 37. Rc2 Rb4 38. Rc5 Bb6 39. Rd5 Bxd4 40.
Rxd7 Be5 41. Re7 Rc4 42. Rb7 h5 43. gxh5+ Kh6 44. Ra7 Bc7 45. Rb7 Kxh5 46. Rb5+
g5 47. Rd5 Kg6 48. f3 Rc2+ 0-1

[Event "Frome Open 2002"]
[Site "?"]
[Date "2002.05.11"]
[Round "3.12"]
[White "Saqui, David"]
[Black "Chaplin, Peter"]
[Result "0-1"]
[WhiteElo "1928"]
[BlackElo "1952"]
[PlyCount "72"]
[EventDate "2002.??.??"]

1. d4 c5 2. e3 Nf6 3. c3 e6 4. Bd3 b6 5. f4 Bb7 6. Nf3 Ne4 7. Nbd2 f5 8. Bxe4
fxe4 9. Ng5 cxd4 10. exd4 Qc7 11. Qg4 Be7 12. Nxh7 Rxh7 13. Qg6+ Kd8 14. Qxh7
Qxf4 15. Nc4 Bh4+ 16. g3 Bxg3+ 17. hxg3 Qxg3+ 18. Kd1 Qf3+ 19. Kc2 Qd3+ 20. Kb3
Bd5 21. Rh3 Qxc4+ 22. Kc2 Nc6 23. Bg5+ Kc7 24. Qxg7 e5 25. Kd2 Rg8 26. Qf6 exd4
27. cxd4 Qb4+ 28. Ke3 Qxb2 29. Rah1 Qc3+ 30. Ke2 Nxd4+ 31. Kf2 Qc2+ 32. Kg3 Nf3
33. Rh5 Qd3 34. Kf2 Nxg5 35. Rxg5 Rxg5 36. Qxg5 e3+ 0-1

[Event "Frome Open 2002"]
[Site "?"]
[Date "2002.05.12"]
[Round "4.1"]
[White "Beaumont, Chris"]
[Black "Sherwin, James"]
[Result "1/2-1/2"]
[WhiteElo "2216"]
[BlackElo "2339"]
[PlyCount "37"]
[EventDate "2002.??.??"]

1. d4 d5 2. c4 e6 3. Nf3 c5 4. cxd5 exd5 5. Nc3 Nc6 6. g3 Nf6 7. Bg2 Be7 8. O-O
O-O 9. Bg5 c4 10. Ne5 Be6 11. f4 Ng4 12. Bxe7 Nxe7 13. Nxg4 Bxg4 14. b3 Rc8 15.
Re1 Be6 16. e3 Qa5 17. Na4 cxb3 18. Qxb3 b6 19. Nc3 1/2-1/2

[Event "Frome Open 2002"]
[Site "?"]
[Date "2002.05.12"]
[Round "4.2"]
[White "Martyn, Rafe"]
[Black "Littlejohns, David"]
[Result "1-0"]
[WhiteElo "2174"]
[BlackElo "1768"]
[PlyCount "50"]
[EventDate "2002.??.??"]

1. d4 d5 2. c4 c6 3. Nc3 Nf6 4. e3 e6 5. Nf3 Nbd7 6. Qc2 g6 7. Be2 Bg7 8. O-O
O-O 9. e4 dxe4 10. Nxe4 Nxe4 11. Qxe4 Nf6 12. Qh4 Nd7 13. Bg5 f6 14. Be3 Re8
15. Rad1 Qe7 16. Rfe1 b6 17. d5 cxd5 18. cxd5 exd5 19. Bb5 Qf8 20. Rxd5 Ne5 21.
Bxe8 Nxf3+ 22. gxf3 Qxe8 23. Bd2 Qc6 24. Rd8+ Kf7 25. Qxh7 Qxf3 1-0

[Event "Frome Open 2002"]
[Site "?"]
[Date "2002.05.12"]
[Round "4.3"]
[White "Rudd, Jack"]
[Black "Morris, Gareth"]
[Result "1-0"]
[WhiteElo "2240"]
[BlackElo "2000"]
[PlyCount "139"]
[EventDate "2002.??.??"]

1. e4 c5 2. Nf3 Nc6 3. d4 cxd4 4. Nxd4 e5 5. Nb5 d6 6. c4 a6 7. N5c3 h6 8. Be3
Nf6 9. Be2 Be7 10. Nd5 Nxd5 11. cxd5 Nb8 12. Bg4 Nd7 13. O-O O-O 14. a4 Bg5 15.
Ra3 Nf6 16. Bxc8 Rxc8 17. Bxg5 hxg5 18. Qd3 Nh5 19. Rb3 Nf4 20. Qe3 Rc7 21. g3
Nh5 22. Na3 f6 23. Qe2 g6 24. Nc4 Qe7 25. Rb6 Rd8 26. b3 Ng7 27. Qe1 Ne8 28.
Qb4 Rdd7 29. f3 Qf8 30. Qd2 Rh7 31. f4 gxf4 32. gxf4 Rcf7 33. Rf2 g5 34. f5 Rd7
35. Qb4 Qe7 36. Rc2 Rc7 37. Qd2 Rh4 38. Qe2 Qd8 39. Rb4 Qc8 40. Na3 Rxc2 41.
Qxc2 Qxc2 42. Nxc2 Rh7 43. Na3 Rc7 44. Nc4 Kg7 45. Kg2 Kh6 46. Rb6 g4 47. h4
gxh3+ 48. Kxh3 Kg5 49. Kg3 Rd7 50. Na5 Rc7 51. Rxb7 Rc3+ 52. Kf2 Kf4 53. Nc4
Kxe4 54. Re7 Kxd5 55. Rxe8 Rxb3 56. Rc8 Rb4 57. Ne3+ Ke4 58. Rc4+ Rxc4 59. Nxc4
d5 60. Nd6+ Kf4 61. Ke2 e4 62. a5 Ke5 63. Ne8 Kxf5 64. Nc7 Ke5 65. Nxa6 d4 66.
Nc5 Kd6 67. Nxe4+ Kc6 68. Nd2 Kb5 69. Nb3 f5 70. Kd3 1-0

[Event "Frome Open 2002"]
[Site "?"]
[Date "2002.05.12"]
[Round "4.4"]
[White "Bass, John"]
[Black "Franklin, Michael"]
[Result "1/2-1/2"]
[WhiteElo "1920"]
[BlackElo "2160"]
[PlyCount "115"]
[EventDate "2002.??.??"]

{[%evp 0,115,23,32,32,15,20,14,40,19,51,19,38,25,19,22,9,-2,22,-9,13,8,12,8,
-14,-2,12,-5,-9,8,-4,-7,7,-19,7,7,13,-30,-23,-134,-124,-142,-133,-141,-161,
-130,-117,-156,-113,-125,-138,-128,-124,-145,-121,-205,-200,-201,-173,-150,
-130,-130,-149,-145,-81,-80,-80,-80,-80,-81,-90,-70,-57,-94,-67,-62,-50,-120,
-126,-154,-97,-119,-112,-100,-94,-101,-106,-106,-103,-107,-108,-98,-102,-113,
-117,-139,-98,-104,-112,-120,-109,-109,-94,-90,-108,-102,-92,-90,-83,-83,-75,
-74,-75,-75,-76,-69,-67,-51]} 1. d4 Nf6 2. Nf3 e6 3. Bg5 c5 4. e3 Be7 5. Nbd2
b6 6. Bd3 Bb7 7. c3 Nc6 8. O-O O-O 9. Re1 cxd4 10. exd4 Nd5 11. Bxe7 Ncxe7 12.
Bf1 f5 13. c4 Nf6 14. Rc1 Ng6 15. b4 Ne4 16. Nb3 Nh4 17. Nxh4 Qxh4 18. g3 Qh6
19. Bg2 Nxf2 20. Qd2 Nh3+ 21. Kh1 Bxg2+ 22. Qxg2 f4 23. Rc3 Rab8 24. Rf3 fxg3
25. Rxg3 Nf4 26. Qd2 Qh4 27. Nc1 Nh5 28. Rg2 Rf4 29. Ne2 Rf2 30. Qg5 Qe4 31.
Qg4 Qxg2+ 32. Qxg2 Rxg2 33. Kxg2 Rf8 34. Rd1 Nf4+ 35. Nxf4 Rxf4 36. Kg3 g5 37.
c5 Kf7 38. b5 Ke7 39. Rd3 Kd8 40. cxb6 axb6 41. d5 Ke7 42. dxe6 dxe6 43. Ra3
Rb4 44. Ra7+ Kf6 45. Rxh7 Rxb5 46. Rb7 Rb4 47. a4 Rxa4 48. Rxb6 Kf5 49. Rb8
Ra3+ 50. Kg2 e5 51. Rf8+ Kg4 52. Re8 Ra2+ 53. Kg1 Kf4 54. Rf8+ Ke3 55. Rf5 e4
56. Rxg5 Ra1+ 57. Kg2 Ke2 58. h4 1/2-1/2

[Event "Frome Open 2002"]
[Site "?"]
[Date "2002.05.12"]
[Round "4.5"]
[White "Menadue, Jeremy"]
[Black "White, SM."]
[Result "1-0"]
[WhiteElo "2064"]
[BlackElo "1904"]
[PlyCount "49"]
[EventDate "2002.??.??"]

1. d4 d5 2. c4 c6 3. Nf3 Nf6 4. Nc3 dxc4 5. a4 Bf5 6. e3 Na6 7. Bxc4 Nb4 8. O-O
e6 9. Ne5 Qc7 10. Bd2 Bd6 11. f4 h5 12. a5 g5 13. e4 Nxe4 14. Nxe4 Bxe4 15.
Bxb4 Bxb4 16. fxg5 O-O-O 17. Rxf7 Qd6 18. Rf4 Bf5 19. Qf3 Bd2 20. a6 b6 21.
Rxf5 Qxd4+ 22. Kh1 Rd5 23. Bxd5 exd5 24. Rf8+ Kc7 25. Rxh8 1-0

[Event "Frome Open 2002"]
[Site "?"]
[Date "2002.05.12"]
[Round "4.9"]
[White "Jackson, Adrian"]
[Black "Chapman, Phil"]
[Result "0-1"]
[WhiteElo "2152"]
[BlackElo "1616"]
[PlyCount "20"]
[EventDate "2002.??.??"]

1. e4 e5 2. Nf3 d5 3. Nxe5 dxe4 4. Bc4 Qg5 5. d4 Qxg2 6. Bxf7+ Ke7 7. Rf1 Nd7
8. Qh5 Nxe5 9. Bg5+ Nf6 10. dxe5 Bg4 0-1